| 000 | 01103nam a22003255i 4500 | ||
|---|---|---|---|
| 001 | 176382 | ||
| 003 | ES-MaACL | ||
| 005 | 20250804062759.0 | ||
| 008 | 110112s1992 sp |||| | spa d | ||
| 020 | _a84-375-0127-X | ||
| 080 | _a17 | ||
| 080 | _a13 | ||
| 080 | _a123 | ||
| 080 | _a572:1 | ||
| 100 | 0 |
_aFrondizi, Risieri. _952737 |
|
| 245 | 1 | 0 |
_aIntroducción a los problemas fundamentales del hombre / _cpor Risieri Frondizi. |
| 250 | _a1ª ed. en España , 1ª reimp. en México. | ||
| 260 |
_aMéxico ; Madrid : _bFondo de Cultura Económica, _c1992. |
||
| 300 |
_a585 p. ; _c17 cm. |
||
| 490 | 1 |
_aBreviarios del Fondo de Cultura Económica ; _v260 |
|
| 650 | 7 |
_aAntropología filosófica _2embne _99891 |
|
| 650 | 0 | 7 |
_aFilosofía _2embne _912802 |
| 650 | 7 |
_aÉtica _2embne _912577 |
|
| 650 | 0 | 4 |
_aLibertad. _914400 |
| 710 | 2 |
_aFondo de Cultura Económica (España) _9144688 |
|
| 710 | 2 |
_aFondo de Cultura Económica (México) _9144068 |
|
| 830 | 0 |
_aBreviarios del Fondo de Cultura Económica ; _v260 _9179682 |
|
| 852 |
_aES-MaACL _jE-14012 |
||
| 999 |
_c176382 _d176382 |
||